| 000 | 00370nam a22001337a 4500 | ||
|---|---|---|---|
| 020 | _qPB. | ||
| 040 | _cFIZZA ISHAQ | ||
| 082 | _bAND | ||
| 100 |
_aWIERZBICKI, P. ANDRZEJ. _991548 |
||
| 245 |
_aMODEL BASED DECISION SUPPORT METHODOLOGY WITH ENVIRONMENTAL APPLICATIONS / _cANDRZEJ P. WIERZBICKI. |
||
| 260 |
_bSPRINGER, _c2000. |
||
| 300 | _a475 P. ; | ||
| 942 |
_2ddc _cBK |
||
| 999 |
_c589675 _d589675 |
||